000 00448nam a22001697a 4500
005 20231031161457.0
008 231031b |||||||| |||| 00| 0 eng d
020 _a978-1-009-42236-9
041 _aeng
082 _a362.1
100 _aSHARMA,RAJ KUMAR AND SINGH, NIDHI
_98213
245 _aESEENTIAL ENGLISH FOR BETTER COMMUNICATION
260 _aU.K
_bCAMBRIDGE UNIVERSITY PRESS
_c2023
300 _a155;p
650 _aMANAGEMENT
942 _cBK
999 _c8430
_d8428